Soustavy obyčejných diferenciálních rovnic

Gespeichert in:
Bibliographische Detailangaben
1. Verfasser: Nagy, Jozef
Format: Buch
Sprache:Tschechisch
Veröffentlicht: Praha Státní nakladatelství technické literatury 1983
Ausgabe:2. nezměn. vyd.
Schriftenreihe:Matematika pro vysoké školy technické sešit 15
Tags: Tag hinzufügen
Keine Tags, Fügen Sie das erste Tag hinzu!

MARC

LEADER 00000nam a2200000 4500
001 c132068
005 20041019155254.1
041 0 |a cze 
044 |a CZ 
245 1 0 |a Soustavy obyčejných diferenciálních rovnic  |c Jozef Nagy 
250 |a 2. nezměn. vyd. 
264 1 |a Praha  |b Státní nakladatelství technické literatury  |c 1983 
300 |a 109 s. 
490 1 |a Matematika pro vysoké školy technické  |v sešit 15 
830 0 |a Matematika pro vysoké školy technické  |v sešit 15 
100 1 |a Nagy, Jozef